DMPS - Which Port? - Statistics

General Stats
  • This quiz has been taken 29 times
    28 since last reset
  • The average score is 19 of 23
Answers on the Map
Answers color-coded by a green-red scale on the quiz's map according to % correct below.
 
Answer Stats
Answer % Correct
Cable Cubby
91%
Desk mic
91%
Doc Cam
91%
Left Speaker
91%
Mono Speaker
91%
Network
91%
PC
91%
Power
91%
Right Speaker
91%
Audience Mic Control
82%
Extended Cable Cubby
82%
Input from AV Bridge
82%
Lapel/Handheld Mic
82%
Panopto
82%
Projector screen
82%
Scalar
82%
TX
82%
QSC
73%
Scalar power
73%
Wireless laptop/Apple TV
73%
Camera Presets
64%
Output to AV Bridge
64%
Sampson Amp
55%
No matching quizzes found
Score Distribution
Percent of People with Each Score
Percentile by Number Answered
Your Score History
You have not taken this quiz since the last reset